Erste Amerikanische Städte mit 100.000 Einwohnern - Statistiken

Allgemein
  • Dieses Quiz wurde 285 mal gespielt
  • Das Durchschnittsergebnis liegt bei 22 aus 56
Antwortstatistiken
Jahr Land Stadt % Korrekt
1810 Vereinigte Staaten New York City
99%
1900 Vereinigte Staaten Los Angeles
88%
1842 Vereinigte Staaten Boston
84%
1858 Vereinigte Staaten Chicago
83%
1869 Vereinigte Staaten Washington D.C.
82%
1864 Vereinigte Staaten San Francisco
76%
1893 Brasilien São Paulo
76%
1858 Argentina Buenos Aires
75%
1825 Kuba Havanna
75%
1859 Chile Santiago
75%
1884 Kanada Toronto
73%
1843 Vereinigte Staaten Philadelphia
72%
1828 Brasilien Rio de Janeiro
72%
1877 Vereinigte Staaten Detroit
69%
1860 Peru Lima
69%
1888 Kolumbien Bogotá
61%
1870 Uruguay Montevideo
59%
1866 Kanada Montreal
57%
1890 Vereinigte Staaten Denver
56%
1840 Vereinigte Staaten New Orleans
55%
1839 Vereinigte Staaten Baltimore
48%
1500 Mexiko Tenochtitlan
46%
1853 Vereinigte Staaten St. Louis
41%
1872 Vereinigte Staaten Cleveland
39%
1882 Vereinigte Staaten Minneapolis
38%
1889 Vereinigte Staaten Indianapolis
36%
1883 Vereinigte Staaten Kansas City
36%
1900 Vereinigte Staaten Memphis
36%
1872 Vereinigte Staaten Pittsburgh
36%
1900 Mexiko Guadalajara
34%
1867 Vereinigte Staaten Buffalo
31%
1878 Vereinigte Staaten Milwaukee
30%
1842 Brasilien Recife
30%
1894 Vereinigte Staaten Columbus
28%
1847 Vereinigte Staaten Cincinnati
26%
1870 Vereinigte Staaten Louisville
23%
1897 Argentinien Rosario
21%
1850 Brasilien Salvador
19%
1869 Vereinigte Staaten Newark
16%
1886 Vereinigte Staaten Saint Paul
16%
1876 Chile Valparaíso
16%
1877 Vereinigte Staaten Providence
15%
1883 Vereinigte Staaten Rochester
13%
1887 Vereinigte Staaten Omaha
12%
1895 Vereinigte Staaten Toledo
11%
1875 Vereinigte Staaten Jersey City
9%
1897 Vereinigte Staaten New Haven
9%
1896 Vereinigte Staaten Syracuse
9%
1569 Bolivien Potosí
7%
1894 Vereinigte Staaten Worcester
7%
1851 Vereinigte Staaten Brooklyn
5%
450 Mexiko Teotihuacán
5%
1899 Vereinigte Staaten Scranton
3%
1889 Vereinigte Staaten Allegheny
2%
1899 Vereinigte Staaten Fall River
2%
1899 Vereinigte Staaten Paterson
2%
Keine übereinstimmenden Quizze gefunden
Verteilung der Resultate
Anzahl Personen mit jedem Resultat
Perzentil nach korrekt beantworteten Fragen
Ihre Resultats-Entwicklung
Sie haben dieses Quiz noch nicht gespielt